The Impact of the academic literacies of British universities on academic achievements of asian students studing on postgraduate programmes in the UK (Record no. 16372)

MARC details
000 -LEADER
fixed length control field 00996nam a22002657a 4500
003 - CONTROL NUMBER IDENTIFIER
control field BD-DhSAU
005 - DATE AND TIME OF LATEST TRANSACTION
control field 20221214122453.0
008 - FIXED-LENGTH DATA ELEMENTS--GENERAL INFORMATION
fixed length control field 150612b2021 bg ad||| m||| 00| 0 eng d
040 ## - CATALOGING SOURCE
Original cataloging agency BD-DhSAU
082 ## - DEWEY DECIMAL CLASSIFICATION NUMBER
Edition number 22
Classification number 420
Item number C4595
100 ## - MAIN ENTRY--PERSONAL NAME
Personal name Chowdhury, Sharifa,
Relator term Registration no. # 201406044
245 ## - TITLE STATEMENT
Title The Impact of the academic literacies of British universities on academic achievements of asian students studing on postgraduate programmes in the UK
Remainder of title Ph.D. Thesis
260 ## - PUBLICATION, DISTRIBUTION, ETC. (IMPRINT)
Place of publication, distribution, etc. University of LEEDS :
Name of publisher, distributor, etc. Department of ,
Date of publication, distribution, etc. 2021
300 ## - PHYSICAL DESCRIPTION
Extent vii, 105p. :
Other physical details ill. ;
Dimensions 30 cm.
500 ## - GENERAL NOTE
General note Ph.D. thesis of Department of , University of LEEDS<br/>
504 ## - BIBLIOGRAPHY, ETC. NOTE
Bibliography, etc Includes bibliographical reference.
590 ## - Name of Cataloguer
Name of Cataloger Nazmul
650 ## - SUBJECT ADDED ENTRY--TOPICAL TERM
Topical term or geographic name as entry element academic literacies
650 ## - SUBJECT ADDED ENTRY--TOPICAL TERM
Topical term or geographic name as entry element British universities
651 ## - SUBJECT ADDED ENTRY--GEOGRAPHIC NAME
Geographic name academic achievements of asian students studing
654 ## - SUBJECT ADDED ENTRY--FACETED TOPICAL TERM
Focus term postgraduate programmes in the UK
700 ## - ADDED ENTRY--PERSONAL NAME
Personal name DR. Diana Mazgutova
Relator term Chaiman
942 ## - ADDED ENTRY ELEMENTS (KOHA)
Source of classification or shelving scheme Dewey Decimal Classification
Koha item type PhD Thesis
Holdings
Withdrawn status Lost status Source of classification or shelving scheme Damaged status Not for loan Collection code Home library Branch Name Date acquired Total Checkouts Full call number Barcode Date last seen Price effective from Koha item type
    Dewey Decimal Classification   Not For Loan Reference SAU Library SAU Library 14/12/2022   420 C4595 43215 14/12/2022 14/12/2022 PhD Thesis